Loading...
| Science - Other | 0 | 2 | 0 | 1 | 20 | 102 | 112.00 | 0 | 0 | 2.11 | 3.75 |
| Philosophy | 0 | 2 | 1 | 0 | 15 | 97 | 103.00 | 0 | 0 | 3.21 | 9.66 |
| Literature - British | 0 | 1 | 0 | 0 | 10 | 57 | 57.00 | 0 | 0 | 7.45 | 6.82 |
| Mythology | 0 | 1 | 0 | 0 | 10 | 59 | 59.00 | 0 | 1 | 6.95 | 9.72 |
| Fine Arts - Classical Music | 0 | 1 | 0 | 0 | 10 | 105 | 105.00 | 0 | 0 | 2.48 | 5.68 |
| Fine Arts - Other | 0 | 1 | 0 | 0 | 10 | 97 | 97.00 | 0 | 0 | 3.45 | 2.50 |
| Science - Physics | 0 | 1 | 1 | 0 | 5 | 62 | 62.00 | 0 | 0 | 5.82 | 3.13 |
| Science - Chemistry | 0 | 0 | 1 | 0 | -5 | 0.00 | 0 | 0 | 0.00 | 0.00 | |
| History - World | 0 | 0 | 1 | 0 | -5 | 0.00 | 0 | 0 | 0.00 | 0.00 | |
| Social Science | 0 | 0 | 1 | 0 | -5 | 0.00 | 0 | 0 | 0.00 | 0.00 |